Central Library OPAC University of Rajshahi

The Use of modules in college biology teaching / (Record no. 11603)

MARC details
000 -LEADER
fixed length control field 01213cam a2200313 4500
001 - CONTROL NUMBER
control field 11603
003 - CONTROL NUMBER IDENTIFIER
rucl marc code BD-RjUL
005 - DATE AND TIME OF LATEST TRANSACTION
control field 20211208235143.0
008 - FIXED-LENGTH DATA ELEMENTS--GENERAL INFORMATION
fixed length control field 140127s1971 dcua b 000 0 eng
035 ## - SYSTEM CONTROL NUMBER
System control number (BD-RjUL)11652
040 ## - CATALOGING SOURCE
Original cataloging agency DLC
Transcribing agency DLC
Modifying agency DLC
-- BD-RjUL
Language of cataloging eng
041 ## - LANGUAGE CODE
Language code of text/sound track or separate title eng
082 00 - DEWEY DECIMAL CLASSIFICATION NUMBER
Classification number 574/.078
Author mark and year USE 1971
245 04 - TITLE STATEMENT
Title The Use of modules in college biology teaching /
Statement of responsibility, etc. Edited by Joan G. Creager and Darrel L. Murray.
260 ## - PUBLICATION, DISTRIBUTION, ETC. (IMPRINT)
Place of publication, distribution, etc. Washington :
Name of publisher, distributor, etc. Commission on Undergraduate Education in the Biological Sciences,
Date of publication, distribution, etc. 1971.
300 ## - PHYSICAL DESCRIPTION
Pagination viii, 173 p. :
Illustrations illus.
Size 23 cm.
490 1# - SERIES STATEMENT
Series statement Commission on Undergraduate Education in the Biological Sciences. Publication
Volume/sequential designation no. 31
500 ## - GENERAL NOTE
General note On cover: Modules.
650 #0 - SUBJECT ADDED ENTRY--TOPICAL TERM
Topical term or geographic name as entry element Biology
General subdivision Study and teaching (Higher)
-- Audio-visual aids.
9 (RLIN) 35887
700 1# - ADDED ENTRY--PERSONAL NAME
Personal name Creager, Joan G.,
Relator term ed.
Personal name Murray, Darrel L.,
Relator term ed.
710 2# - ADDED ENTRY--CORPORATE NAME
Corporate name or jurisdiction name as entry element Commission on Undergraduate Education in the Biological Sciences.
9 (RLIN) 35891
830 #0 - SERIES ADDED ENTRY--UNIFORM TITLE
Volume number/sequential designation no. 31.
830 #0 - SERIES ADDED ENTRY--UNIFORM TITLE
Uniform title Publication (Commission on Undergraduate Education in the Biological Sciences) ;
942 ## - ADDED ENTRY ELEMENTS (KOHA)
Source of classification or shelving scheme Dewey Decimal Classification
Koha item type Books
Holdings
Lost status Source of classification or shelving scheme Damaged status Not for loan Collection code Permanent Location Current Location Shelving location Date acquired Source of acquisition Total Checkouts Full call number Date last seen Copy number Koha item type
  Dewey Decimal Classification   Not For Loan Non-fiction Central Library, University of Rajshahi Central Library, University of Rajshahi Reading Room 03/11/1990 Canada, Gift   574/.078 USE 1971 27/01/2014 C-1 Books